01398nam a22001337a 4500008004100000020002900041050001300070100002000083245007600103250001200179260004800191300003400239505099100273120201t xxu||||| |||| 00| 0 eng d a9788171945504 8171945503 aHD31.V44 aVasishth, Neeru aTaxmann's principles of management with case studies /cNeeru Vasishth a3rd ed. aNew Delhi :bTaxmann Publications ,c 2010. a700 + various pagings:c24cm. aContents: Management: Concept and nature -- Development of management thought -- Management theories of some famous management thinkers -- Planning function -- Goals and plans -- Management by objectives -- Strategic planning and environmental analysis -- Growth strategies -- Decision making -- Organizing : Nature, process and importance -- Formal and informal organization -- Types of organizations -- Authority responsibility relationships -- Line and staff relationships -- Departmentation -- Delegation and decentralization -- Coordination -- Conflict management -- Staffing - meaning, nature and process -- Recruitment and selection -- Training and development -- Performance appraisal -- Direction and supervision -- Motivation -- Leadership -- Communication -- Control - concept and process -- Techniques of control -- Management of strategic change -- Corporate culture -- Organization development -- Social responsibilites of business -- Corporate governance -- Case study.